BVB-Kader 22/23 - Statistiken

Allgemein
  • Dieses Quiz wurde 758 mal gespielt
  • Das Durchschnittsergebnis liegt bei 17 aus 33
Antwortstatistiken
Hint Antwort % Korrekt
1 Gregor Kobel
98%
11 Marco Reus
95%
15 Mats Hummels
92%
4 Nico Schlotterbeck
90%
19 Julian Brandt
83%
25 Niklas Süle
82%
23 Emre Can
81%
9 Sebastian Haller
81%
22 Jude Bellingham
79%
27 Karim Adeyemi
78%
21 Donyell Malen
73%
33 Alexander Meyer
68%
7 Giovanni Reyna
62%
43 Jamie Bynoe-Gittens
62%
6 Salih Özcan
61%
18 Youssoufa Moukoko
61%
17 Marius Wolf
58%
13 Raphael Guerreiro
55%
24 Thomas Meunier
43%
8 Mahmoud Dahoud
42%
35 Marcel Lotka
41%
20 Anthony Modeste
39%
14 Nico Schulz
36%
16 Julian Duranville
33%
44 Soumaila Coulibaly
27%
30 Felix Passlack
25%
36 Tom Rothe
19%
38 Luca Unbehaun
17%
32 Absoulaye Kamara
16%
2 Mateu Morey Bauza
12%
47 Antonios Papadopoulos
11%
26 Julian Reyerson
9%
42 Göktan Gürpüz
6%
Keine übereinstimmenden Quizze gefunden
Verteilung der Resultate
Anzahl Personen mit jedem Resultat
Perzentil nach korrekt beantworteten Fragen
Ihre Resultats-Entwicklung
Sie haben dieses Quiz noch nicht gespielt